000 00327nam a22001337a 4500
008 250307b |||||||| |||| 00| 0 eng d
020 _a9789383992
050 _aS499.5
_b.A45
100 _aJha Kumar Ramesh
245 _aAgroforesters Companion
260 _aNew Delhi
_bBharya Books [Bet]
_c2022
300 _a454p
942 _cBK
999 _c2171
_d2171